20 premiers pays en production d'énergie renouvelable (%) - Statistiques

Statistiques générales
  • Ce quiz a été pris 287 fois
  • Le résultat moyen est 6 sur 20
Statistiques - réponses
*% hint Pays % Correct
97.2% Europe Norvège
83%
100.00% Europe Islande
74%
80.4% Amérique du sud Bresil
55%
83.9% Oceanie Nouvelle-Zélande
47%
96.5% Amérique du sud Uruguay
46%
100.00% Amérique du sud Paraguay
44%
97.7% Amérique du Nord Costa Rica
35%
74.3% Europe Autriche
31%
100.00% Afrique République Démocratique du Congo
29%
90.7% Afrique Ethiopie
21%
93.6% Afrique Kenya
21%
99.3% Afrique Namibie
16%
100.00% Europe Albanie
13%
83.7% Afrique Mozambique
13%
73.1% Afrique Togo
13%
95.0% Afrique Zambie
13%
75.7% Asie Corée du Nord
12%
80.7% Asie Georgie
5%
86.7% Asie Kirghizistan
3%
97.5% Asie Tadjikistan
3%
Aucun quiz correspondant
Distribution des résultats
% des personnes avec chaque résultat
Percentile par nombre de réponses
Votre historique - résultats
Vous n’avez pas pris ce quiz